La bondad insensata (Registro nro. 307481)

Detalles MARC
000 -ENCABEZADO
Número de control [NR] 00997cam a2200313Mc 4500
001 - NÚMERO DE CONTROL
control field ocn864261018
005 - FECHA Y HORA DE LA ÚLTIMA TRANSACCIÓN
control field 20171108150706.0
008 - DE LONGITUD FIJA DE DATOS DE ELEMENTOS - INFORMACIÓN GENERAL
Elementos de longitud fija [NR] 130529s2013 sp 001 0 spa d
015 ## - NUMERO DE BIBLIOGRAFIA NACIONAL [R]
Número de bibliografía nacional [R] MON1306
017 ## - NUMERO DEL REGISTRO DE DERECHOS DE AUTOR O DEL DEPOSITO LEGAL [R]
Número de registro de derechos de autor (“copyright”) [R] M 7197-2013
Agencia que asigna el número [NR] Oficina Depósito Legal Madrid
020 ## - NUMERO INTERNACIONAL NORMALIZADO PARA LIBROS [R]
Número Internacional Normalizado del libro [NR] 9788498417197
020 ## - NUMERO INTERNACIONAL NORMALIZADO PARA LIBROS [R]
Número Internacional Normalizado del libro [NR] 8498417198
029 0# - OTRO SISTEMA DE NÚMERO DE CONTROL (OCLC)
OCLC library identifier BNM
System control number a5357350
035 ## - NUMERO DE CONTROL DEL SISTEMA [R]
Número de control del sistema [NR] (OCoLC)864261018
040 ## - FUENTE DE CATALOGACION [NR]
Agencia de catalogación original [NR] Co-BoUCM
Idioma de catalogación [NR] spa
Quien Cataloga Saul Niño
Quien Clasifica Saul Niño
041 1# - CODIGO DE IDIOMA [R]
Código de idioma para texto/pista de sonido o título separado [R] Español
Language code of original and/or intermediate translations of text ita
100 1# - ASIENTO PRINCIPAL--NOMBRE PERSONAL [NR]
Nombre personal [NR] Nissim, Gabriele
Fechas asociadas con el nombre [NR] 1950-
ID Autoridad 88678
245 13 - MENCION DE TITULO [NR]
Título [NR] La bondad insensata
Parte restante del título [NR] el secreto de los justos
Mención de responsabilidad, etc. [NR] Gabriele Nissim ; traducción del italiano de Juan Antonio Méndez
260 ## - PUBLICACION, DISTRIBUCION, ETC. (PIE DE IMPRENTA) [R]
Lugar de publicación, distribución, etc. [R] Madrid
Nombre del editor, distribuidor, etc. [R] Siruela
Fecha de publicación, distribución, etc. [R] 2013
300 ## - DESCRIPCION FISICA [R]
Extensión [R] 210 páginas
490 0# - MENCION DE SERIE [R]
Mención de serie [R] El ojo del tiempo
Designación numérica/secuencial del volumen [NR] 72
650 #7 - ASIENTO SECUNDARIO DE MATERIA - TERMINO TEMATICO [R]
Término temático o nombre geográfico como elemento de entrada [NR] Bien y mal
9 (RLIN) 10055
650 #7 - ASIENTO SECUNDARIO DE MATERIA - TERMINO TEMATICO [R]
Término temático o nombre geográfico como elemento de entrada [NR] Justicia
9 (RLIN) 18195
650 #7 - ASIENTO SECUNDARIO DE MATERIA - TERMINO TEMATICO [R]
Término temático o nombre geográfico como elemento de entrada [NR] Bondad
9 (RLIN) 10191
650 #7 - ASIENTO SECUNDARIO DE MATERIA - TERMINO TEMATICO [R]
Término temático o nombre geográfico como elemento de entrada [NR] Ontología
9 (RLIN) 20750
775 ## - ASIENTO DE OTRA EDICION [R]
Título [NR] La bontà insensata
942 ## - ELEMENTOS DE ENTRADA AGREGADOS (KOHA)
Sistema de clasificación DEWEY
Tema principal Filosofía
Tipo de ítem principal el descrito en 300a Libro
Edición 1
Clasificación 111.84
Parte restante de la signatura top. N726b
Existencias
Total préstamos Signatura topográfica Código de barras Última vez visto Ejemplar Costo de reposición Price effective from Tipo de ítem Perdido Sistema de clasificación Dañado No prestable Tipo de ítem específico Suprimido Ubicación habitual Ubicación actual Localización Fecha de creación Proveedor Forma de adquisición Costo
  111.84 N726b 100154680 05/12/2025 Ej.1 91641.00 01/11/2017 Libro   DEWEY     Libro   Claustro Claustro 2do piso 01/11/2017 37 Compra 91641.00